| 000 | 00689nam a2200205Ia 4500 | ||
|---|---|---|---|
| 003 | IN-BaIIA | ||
| 008 | 211028s9999 xx 000 0 eng d | ||
| 020 | _a978-0-19-80664-5 | ||
| 040 | _cIIA Library | ||
| 080 |
_a82 _bTAG-2 |
||
| 245 | 0 |
_aSelected poems _cedited by Rabindranath Tagore and Sukanta Chaudhuri |
|
| 260 |
_aNew Delhi _bOxford University Press _c2004 |
||
| 300 | _axx, 449p. | ||
| 650 |
_aEnglish literature and language _933950 |
||
| 650 |
_aEssays, stories, poems etc _933951 |
||
| 650 |
_aTagore, Rabindranath _933952 |
||
| 700 |
_aChaudhuri, Sukanta, ed. _933953 |
||
| 700 |
_aTagore, Rabindranath., ed. _933954 |
||
| 942 | _cBK | ||
| 999 |
_c17864 _d17864 |
||